000 00532nam a2200181Ia 4500
008 100920s9999 xx 000 0 und d
082 _b50192
_a891.463.1 थ 85
100 _aकर्णिक मधुमंगेश.
245 _aकळस.
260 _bमंदार प्रकाशन, पनवेल रायगड.
_c1985
300 _a156
_bसाधी
365 _b30
520 _aलघुकथा.
630 _aकळस.
650 _aलघुकथा.
730 _aकळस.
942 _cBOOK
999 _c696556
_d696553